| 000 | 00344nam a2200145Ia 4500 | ||
|---|---|---|---|
| 003 | OSt | ||
| 008 | 191201s2005 xx 000 0 und d | ||
| 082 |
_a338.47 _bNDS |
||
| 100 | _aNDRI | ||
| 245 | 0 | _aSouvenir National Seminar on Value Added Services | |
| 260 |
_aKarnal _bNDRI _c2005 |
||
| 300 | _a192 | ||
| 650 | _aGeneral Books | ||
| 942 |
_2ddc _cBK |
||
| 999 |
_c695 _d695 |
||